| 000 | 00723nam a2200217 i 4500 | ||
|---|---|---|---|
| 001 | 35724 | ||
| 003 | ES-MaACL | ||
| 005 | 20250902030609.0 | ||
| 007 | t| | ||
| 008 | 030213s1973 sp ||||1| spa d | ||
| 100 | 1 |
_aBrefort, Daniel. _931556 |
|
| 245 | 1 | 3 |
_aLa gestión científica de los stocks / _cDaniel Brefort, Maurce Nussembaum ; [traducción, Fabián García-Prieto Buendía]. |
| 260 |
_a[Madrid] : _bGuadiana, _c[1973] |
||
| 300 |
_a138 p. : _bil. ; _c18 cm. |
||
| 490 | 1 | _aLa vida de la empresa | |
| 700 | 1 |
_aNussembaum, Maurice. _986250 |
|
| 700 | 1 |
_aGarcía-Prieto Buendía, Fabián. _955117 |
|
| 830 | 0 | 3 |
_aLa vida de la empresa _9181597 |
| 852 |
_aES-MaACL _jC-52908 _bR.86263 |
||
| 999 |
_c35724 _d35724 |
||